[Event "Championnat de la Loire 2017-2018"]
[Site "Loire"]
[Date "2017.11.11"]
[Round "2.10"]
[White "Vier, Serge"]
[Black "Bouchut, Leo"]
[Result "1-0"]
[WhiteElo "1568"]
[BlackElo "1279"]
[PlyCount "135"]
[EventDate "2017.??.??"]

1. d4 d5 2. c4 c6 3. Nf3 Nf6 4. Nc3 Bf5 5. e3 e6 6. cxd5 exd5 7. Be2 Nbd7 8.
O-O Bd6 9. Bd2 Ne4 10. Rc1 Ndf6 11. Qb3 Qc7 12. Nb5 Qb8 13. Nxd6+ Nxd6 14. Ne5
Nde4 15. Be1 O-O 16. f3 Nd6 17. Bg3 Nh5 18. Bf2 Nf6 19. g4 Be6 20. Bg3 Qc8 21.
Nxc6 bxc6 22. Bxd6 Rd8 23. Bg3 Rd7 24. Qa4 a6 25. Rxc6 Qb7 26. Qc2 Ne8 27. Rc1
Re7 28. b3 h6 29. Qd3 Bc8 30. Bh4 Re6 31. Rxe6 Bxe6 32. Rc5 Bd7 33. e4 Bb5 34.
Qe3 dxe4 35. Bxb5 axb5 36. Qxe4 Qxe4 37. fxe4 Rxa2 38. Rxb5 g5 39. Bg3 Nf6 40.
Rb8+ Kg7 41. Be5 Ra1+ 42. Kf2 Ra2+ 43. Ke3 Kg6 44. Rb6 Rb2 45. Rxf6+ Kh7 46.
Rb6 f6 47. Bg3 Kg6 48. e5 Kf7 49. Rxf6+ Ke7 50. Rb6 h5 51. gxh5 g4 52. h6 Kf7
53. d5 Ke7 54. Rb8 Kf7 55. h7 Rxb3+ 56. Rxb3 Kg7 57. Kf4 Kxh7 58. Rb6 Kg7 59.
Kf5 Kf7 60. Rb7+ Ke8 61. Kf6 Kd8 62. Ke6 Kc8 63. Rg7 Kd8 64. Rh7 Kc8 65. Kd6
Kb8 66. Kc6 Ka8 67. Kb6 Kb8 68. Rh8# 1-0

[Event "Championnat de la Loire 2017-2018"]
[Site "Loire"]
[Date "2017.11.11"]
[Round "2.11"]
[White "Joly, Christian"]
[Black "Poyet, Louis"]
[Result "1-0"]
[WhiteElo "1555"]
[BlackElo "1104"]
[PlyCount "73"]
[EventDate "2017.??.??"]

1. d4 d5 2. Nf3 Nf6 3. e3 e6 4. Bd3 Bd6 5. Nbd2 Bd7 6. b3 O-O 7. Bb2 c5 8. O-O
cxd4 9. exd4 Nc6 10. a3 Re8 11. Re1 Ng4 12. c4 b6 13. Rc1 Nf6 14. b4 dxc4 15.
Nxc4 Bf4 16. Rc2 Rc8 17. Nfe5 Nxe5 18. dxe5 Nd5 19. Nd6 Ba4 20. Nxc8 Bxc2 21.
Qxc2 Qxc8 22. Bxh7+ Kf8 23. g3 Bg5 24. h4 Be7 25. Rc1 Qxc2 26. Rxc2 g6 27. h5
Kg7 28. hxg6 fxg6 29. Bxg6 Kxg6 30. f4 Kf5 31. Rh2 Rg8 32. Kf2 Rc8 33. Kf3 a5
34. Rh6 Rg8 35. b5 Rg6 36. Rh5+ Bg5 37. g4# 1-0

[Event "Championnat de la Loire 2017-2018"]
[Site "Loire"]
[Date "2017.11.11"]
[Round "2.12"]
[White "Fournier, Gerald"]
[Black "Samuel, Christian"]
[Result "1/2-1/2"]
[WhiteElo "1470"]
[BlackElo "1795"]
[PlyCount "75"]
[EventDate "2017.??.??"]

1. d4 Nf6 2. Bf4 g6 3. Nc3 Bg7 4. e4 d6 5. Qd2 O-O 6. Bh6 Nc6 7. Bxg7 Kxg7 8.
f4 e5 9. fxe5 dxe5 10. d5 Nd4 11. Nf3 Nxf3+ 12. gxf3 Nh5 13. O-O-O a6 14. Ne2
Qe7 15. Bg2 Rd8 16. f4 Bg4 17. fxe5 Qxe5 18. Rde1 c6 19. Nc3 b5 20. h3 Bd7 21.
Qf2 a5 22. Kb1 a4 23. Rhf1 Rf8 24. Qc5 Nf4 25. Rf2 Ne6 26. Qe7 Rad8 27. dxe6
Bxe6 28. Rxf7+ Rxf7 29. Qxd8 a3 30. Qa5 axb2 31. Nd1 Rd7 32. Nxb2 Qg3 33. Rg1
Bxh3 34. Nd3 Bxg2 35. Qc3+ Kg8 36. Qb3+ Kg7 37. Qc3+ Kg8 38. Qb3+ 1/2-1/2

[Event "Championnat de la Loire 2017-2018"]
[Site "Loire"]
[Date "2017.11.11"]
[Round "2.13"]
[White "Pradel, Philippe"]
[Black "Painvin, Bruno"]
[Result "1-0"]
[WhiteElo "1662"]
[BlackElo "1399"]
[PlyCount "91"]
[EventDate "2017.??.??"]

1. e4 e5 2. Nf3 Nc6 3. Bc4 h6 4. c3 d6 5. d3 Nf6 6. Nbd2 Be7 7. O-O O-O 8. Re1
Bd7 9. Nf1 Qc8 10. h3 a6 11. a4 Na5 12. Ba2 Be6 13. b4 Nc6 14. Bb1 Rd8 15. Qc2
d5 16. exd5 Bxd5 17. Nxe5 Bd6 18. Nxc6 bxc6 19. Bd2 Qf5 20. d4 Qd7 21. Ba2 Bxa2
22. Qxa2 Re8 23. Ng3 Rxe1+ 24. Rxe1 Re8 25. Qb1 Rxe1+ 26. Qxe1 h5 27. Bg5 Nh7
28. Qe3 f6 29. Bf4 g5 30. Bxd6 cxd6 31. Nxh5 Qf7 32. g4 Kf8 33. Ng3 Qa2 34. Nf5
Qf7 35. Nxd6 Qe7 36. Qxe7+ Kxe7 37. Ne4 Ke6 38. Nc5+ Kd5 39. Nxa6 Kc4 40. Nb8
Kxc3 41. Nxc6 Nf8 42. a5 Ne6 43. d5 Nd4 44. Nxd4 Kxd4 45. d6 Kd5 46. d7 1-0

[Event "Championnat de la Loire 2017-2018"]
[Site "Loire"]
[Date "2017.11.11"]
[Round "2.14"]
[White "Boeuf, Jeremy"]
[Black "Mialon, Franck"]
[Result "1-0"]
[WhiteElo "1619"]
[BlackElo "1376"]
[PlyCount "63"]
[EventDate "2017.??.??"]

1. Nc3 d6 2. Nf3 e6 3. e4 Nd7 4. Bc4 Ne7 5. d4 g6 6. Be3 Bg7 7. Qd2 O-O 8. Bh6
c5 9. Bxg7 Kxg7 10. O-O-O a6 11. dxc5 Nxc5 12. Qxd6 Qxd6 13. Rxd6 b5 14. Bb3 b4
15. Na4 Nxe4 16. Rd4 Nxf2 17. Rf1 Nc6 18. Rh4 Nd3+ 19. cxd3 a5 20. Nb6 Ra7 21.
Nxc8 Rxc8 22. Bc4 a4 23. Kb1 h6 24. Re4 Nd8 25. g4 b3 26. a3 f5 27. gxf5 exf5
28. Re8 Rac7 29. Rfe1 Nf7 30. Rxc8 Rxc8 31. Re7 Rf8 32. Ne5 1-0

[Event "Championnat de la Loire 2017-2018"]
[Site "Loire"]
[Date "2017.11.11"]
[Round "2.15"]
[White "Martin, Julien"]
[Black "Gloaguen, Loic"]
[Result "*"]
[WhiteElo "1545"]
[BlackElo "1370"]
[PlyCount "85"]
[EventDate "2017.??.??"]

1. e4 d5 2. exd5 Nf6 3. Be2 c6 4. dxc6 Nxc6 5. Nf3 e5 6. d3 Bc5 7. O-O O-O 8.
Nc3 a6 9. Ne4 Ba7 10. b3 Re8 11. Bg5 Nd4 12. Nxf6+ gxf6 13. Bh6 e4 14. Nxd4
Bxd4 15. Rc1 Kh8 16. Bh5 e3 17. fxe3 Rxe3 18. Bxe3 Bxe3+ 19. Kh1 Bxc1 20. Qxc1
Qd5 21. Qf4 Qxh5 22. Qxf6+ Kg8 23. Rf3 Be6 24. Rg3+ Kf8 25. Rf3 Re8 26. Qh8+
Ke7 27. Qf6+ Kf8 28. Qd4 Bd5 29. Qc5+ Kg7 30. Rg3+ Kh8 31. Qd4+ Qe5 32. Qxe5+
Rxe5 33. h3 Re2 34. c4 Bc6 35. a4 b5 36. axb5 axb5 37. d4 bxc4 38. bxc4 Rc2 39.
c5 Rd2 40. Rg4 h5 41. Rh4 Bxg2+ 42. Kg1 Bf3 43. Rxh5+ *

[Event "Championnat de la Loire 2017-2018"]
[Site "Loire"]
[Date "2017.11.11"]
[Round "2.16"]
[White "Barrandon, Georges"]
[Black "Bartomeu, Emmanuel"]
[Result "0-1"]
[WhiteElo "1340"]
[BlackElo "1529"]
[PlyCount "80"]
[EventDate "2017.??.??"]

1. d4 d5 2. Nf3 Bf5 3. e3 e6 4. h3 c5 5. Bb5+ Nc6 6. Nc3 Bd6 7. a3 Nge7 8. dxc5
Bxc5 9. O-O O-O 10. Nh4 a6 11. Be2 Qd6 12. b4 Bb6 13. e4 Bc7 14. f4 Bxe4 15.
Nxe4 dxe4 16. Qe1 Qd4+ 17. Be3 Qxe3+ 18. Kh1 Rad8 19. g3 Nf5 20. Kh2 Nxh4 21.
gxh4 Nd4 22. Bd1 Bxf4+ 23. Kg2 Qd2+ 24. Qxd2 Bxd2 25. Rf2 e3 26. Bf3 exf2 27.
Bxb7 Be1 28. Bxa6 Nxc2 29. Ra2 Ne3+ 30. Kf3 f1=Q+ 31. Bxf1 Nf5 32. b5 Rb8 33.
a4 Ba5 34. Bd3 Nxh4+ 35. Ke4 Rfd8 36. Rc2 Rb6 37. Rc4 Ng6 38. Rc7 f5+ 39. Ke3
Rbd6 40. Bc4 Bxc7 0-1

[Event "Championnat de la Loire 2017-2018"]
[Site "Loire"]
[Date "2017.11.11"]
[Round "2.17"]
[White "Carteron, Olivier"]
[Black "Libiszewski, Christian"]
[Result "1-0"]
[WhiteElo "1516"]
[BlackElo "1328"]
[PlyCount "129"]
[EventDate "2017.??.??"]

1. d4 Nf6 2. Nf3 g6 3. c4 Bg7 4. Nc3 O-O 5. e4 d6 6. Be2 Nbd7 7. O-O e5 8. d5
Nc5 9. Qc2 a5 10. Ne1 Ne8 11. Be3 b6 12. Nd3 f5 13. f3 f4 14. Bf2 Nf6 15. a3 a4
16. Bxc5 bxc5 17. Nxa4 g5 18. Nc3 g4 19. fxg4 Nxg4 20. Bxg4 Bxg4 21. b4 cxb4
22. axb4 Qg5 23. Nf2 Bd7 24. Rxa8 Rxa8 25. c5 Rf8 26. c6 Bc8 27. Nb5 Qe7 28.
Na7 Bh6 29. Nxc8 Rxc8 30. Qe2 Rf8 31. Qg4+ Kh8 32. Qh5 Qg5 33. Qxg5 Bxg5 34.
Rb1 Rb8 35. Nd3 Kg7 36. b5 Kf7 37. b6 cxb6 38. c7 Rc8 39. Rxb6 Rxc7 40. Rxd6
Bf6 41. Nb4 Rc4 42. Nc6 Rxe4 43. Rd7+ Kg6 44. d6 Rc4 45. Ne7+ Bxe7 46. Rxe7 Rd4
47. d7 Kf6 48. Rxh7 Ke6 49. Kf2 Rxd7 50. Rxd7 Kxd7 51. Kf3 Ke6 52. Ke4 Kf6 53.
h4 Ke6 54. h5 Kf6 55. h6 Kg6 56. h7 Kxh7 57. Kxe5 Kg6 58. Kxf4 Kf6 59. g3 Kg6
60. Kg4 Kf6 61. Kh5 Kf7 62. Kg5 Kg7 63. g4 Kf7 64. Kh6 Kg8 65. Kg6 1-0

[Event "Championnat de la Loire 2017-2018"]
[Site "Loire"]
[Date "2017.11.11"]
[Round "2.18"]
[White "Hong, Shawn"]
[Black "Piper, Stephane"]
[Result "0-1"]
[WhiteElo "1274"]
[BlackElo "1512"]
[PlyCount "80"]
[EventDate "2017.??.??"]

1. e4 e5 2. Nf3 Nc6 3. Bc4 h6 4. c3 Nf6 5. d3 d5 6. exd5 Nxd5 7. Nbd2 Bf5 8.
O-O Qd7 9. Ne4 O-O-O 10. Re1 Nf4 11. Bxf4 exf4 12. b4 Be7 13. d4 g5 14. d5 g4
15. Nfd2 Ne5 16. Bb3 Nd3 17. Re2 f3 18. Re3 Nf4 19. gxf3 gxf3 20. Qxf3 Rhg8+
21. Ng3 Nh3+ 22. Kf1 Bg4 23. Qxf7 Bg5 24. Qxd7+ Rxd7 25. Rd3 Nf4 26. Rd4 Bh3+
27. Ke1 Ng2+ 28. Kd1 Rf8 29. Nde4 Bg4+ 30. Kc2 Bf5 31. Nxf5 Rxf5 32. Nxg5 Rxf2+
33. Kd3 hxg5 34. Rg4 Nf4+ 35. Kc4 Rxd5 36. Rxf4 Rxf4+ 37. Kxd5 c6+ 38. Ke5 Rh4
39. h3 Kc7 40. Be6 Rf4 0-1

[Event "Championnat de la Loire 2017-2018"]
[Site "Loire"]
[Date "2017.11.11"]
[Round "2.19"]
[White "Zaouak, Fahim"]
[Black "Wille, Gaspar"]
[Result "1-0"]
[WhiteElo "1489"]
[BlackElo "1245"]
[PlyCount "85"]
[EventDate "2017.??.??"]

1. d4 d5 2. e3 Nc6 3. c3 Nf6 4. f4 Bf5 5. Nf3 e6 6. Be2 Bd6 7. O-O O-O 8. Ne5
Ne7 9. Nd2 Ng6 10. Qe1 c5 11. Bf3 cxd4 12. cxd4 Bb4 13. a3 Ba5 14. b4 Bb6 15.
Bb2 Nd7 16. Kh1 f6 17. Nxg6 Bxg6 18. e4 Re8 19. e5 Rc8 20. Rc1 Rc6 21. f5 Bxf5
22. Bxd5 exd5 23. Rxf5 Qc7 24. Rxc6 Qxc6 25. Rf1 Qc2 26. Qc1 Qxc1 27. Rxc1 fxe5
28. dxe5 Nxe5 29. Re1 Bc7 30. Nf3 Rc8 31. Bxe5 Bxe5 32. Nxe5 Rc3 33. a4 Ra3 34.
Rc1 Kf8 35. a5 Rb3 36. h3 Rxb4 37. Rc7 d4 38. Rf7+ Ke8 39. Rxg7 Rb5 40. Nd3 Rb3
41. Nc5 Rb5 42. Nxb7 d3 43. Nd6+ 1-0

[Event "Championnat de la Loire 2017-2018"]
[Site "Loire"]
[Date "2017.11.11"]
[Round "2.20"]
[White "Poncet, Baptiste"]
[Black "Boeuf, Jean-Julien"]
[Result "0-1"]
[WhiteElo "1127"]
[BlackElo "1484"]
[PlyCount "64"]
[EventDate "2017.??.??"]

1. e4 d5 2. d3 dxe4 3. dxe4 Qxd1+ 4. Kxd1 Nc6 5. Nc3 Bg4+ 6. Be2 O-O-O+ 7. Bd2
Bxe2+ 8. Ngxe2 e5 9. Ke1 Nf6 10. f3 a6 11. Be3 Be7 12. a3 Rd7 13. Rd1 Rhd8 14.
Kf2 Ne8 15. g3 Nd6 16. h4 Nc4 17. Bc1 Bc5+ 18. Kg2 Nd4 19. Nxd4 Bxd4 20. Nd5
Bxb2 21. Bxb2 Nxb2 22. Rd2 Nc4 23. Rdd1 c6 24. Nc3 Nxa3 25. Kf2 Rxd1 26. Rxd1
Rxd1 27. Nxd1 Nxc2 28. Ne3 Nxe3 29. Kxe3 Kd7 30. f4 f6 31. g4 Kd6 32. g5 a5 0-1

[Event "Championnat de la Loire 2017-2018"]
[Site "Loire"]
[Date "2017.12.23"]
[Round "3.1"]
[White "Deville, Olivier"]
[Black "Bumba, Ovidiu"]
[Result "1/2-1/2"]
[WhiteElo "1848"]
[BlackElo "1599"]
[PlyCount "116"]
[EventDate "2017.??.??"]

1. d4 Nf6 2. c4 e6 3. g3 d5 4. Nf3 c6 5. Qc2 dxc4 6. Qxc4 Be7 7. Bg2 O-O 8. O-O
b5 9. Qc2 Qb6 10. a4 a5 11. Nc3 b4 12. Ne4 Nxe4 13. Qxe4 Nd7 14. Ne5 Nxe5 15.
dxe5 Bb7 16. Be3 Qa6 17. Qg4 Rfd8 18. Rac1 Rac8 19. Bh6 g6 20. h4 c5 21. Bg5
Bxg5 22. hxg5 Rd4 23. f4 Bxg2 24. Kxg2 Qc6+ 25. Kf2 Qe4 26. Rh1 h5 27. gxh6 Kh7
28. Qg5 Rd2 29. Rhe1 Qf5 30. Qxf5 gxf5 31. Red1 Rxb2 32. Rd7 Rf8 33. Rxc5 Kxh6
34. Rxa5 Kg6 35. Rc5 Ra2 36. a5 b3 37. Rb7 Rd8 38. Rxb3 Rdd2 39. Re3 Ra1 40.
Rd3 Rb2 41. Rc8 Raa2 42. Re3 Rxa5 43. Rg8+ Kh7 44. Rg5 Ra1 45. g4 fxg4 46. Rxg4
Rh1 47. Reg3 Rb7 48. Rg7+ Kh8 49. Rg8+ Kh7 50. R3g7+ Kh6 51. Rg1 Rxg1 52. Rxg1
Rb3 53. e3 Rb2+ 54. Kf3 Rb3 55. Ke4 Rb4+ 56. Kd3 Ra4 57. Rc1 Kg6 58. Rc4 Ra2
1/2-1/2

[Event "Championnat de la Loire 2017-2018"]
[Site "Loire"]
[Date "2017.12.23"]
[Round "3.3"]
[White "Philip, Sylvain"]
[Black "Joly, Christian"]
[Result "1-0"]
[WhiteElo "1654"]
[BlackElo "1555"]
[PlyCount "55"]
[EventDate "2017.??.??"]

1. d4 Nf6 2. Nf3 g6 3. c4 Bg7 4. Nc3 O-O 5. e4 d6 6. Be2 Nbd7 7. O-O e5 8. d5
c6 9. dxc6 Nc5 10. cxb7 Bxb7 11. Bg5 Ncxe4 12. Nxe4 Bxe4 13. Qd2 Qc7 14. Rac1
Bb7 15. Bh6 Rad8 16. Bxg7 Kxg7 17. b4 a6 18. Qb2 Qe7 19. c5 e4 20. Nh4 dxc5 21.
Rxc5 Kg8 22. Re5 Qc7 23. h3 Rfe8 24. Rg5 Qe7 25. Nf5 Qe6 26. Bg4 Kf8 27. Ng7
Nxg4 28. Nxe6+ 1-0

[Event "Championnat de la Loire 2017-2018"]
[Site "Loire"]
[Date "2017.12.23"]
[Round "3.4"]
[White "Minchilli, Franco"]
[Black "Fauvin, David"]
[Result "1/2-1/2"]
[WhiteElo "1615"]
[BlackElo "1453"]
[PlyCount "63"]
[EventDate "2017.??.??"]

1. e4 e6 2. Nf3 d5 3. exd5 exd5 4. d4 Nf6 5. Be2 Be7 6. Bf4 O-O 7. O-O Bf5 8.
Nbd2 Nc6 9. a3 a6 10. c4 Bd6 11. Be5 Re8 12. Nh4 Be6 13. Nhf3 Bf5 14. Nh4 Be6
15. cxd5 Bxd5 16. Bxd6 Qxd6 17. Nhf3 Ng4 18. g3 Qh6 19. Nh4 Nf6 20. Re1 Nxd4
21. Ndf3 Rxe2 22. Qxd4 Ree8 23. Qd3 Be6 24. Qc2 Qh5 25. Re5 Qg4 26. Kg2 Qc4 27.
Qxc4 Bxc4 28. Rc1 Rxe5 29. Nxe5 Bd5+ 30. Kf1 c6 31. Ng2 Bxg2+ 32. Kxg2 1/2-1/2

[Event "Championnat de la Loire 2017-2018"]
[Site "Loire"]
[Date "2017.12.23"]
[Round "3.6"]
[White "Frey, Thierry"]
[Black "Guichard, Thomas"]
[Result "1-0"]
[WhiteElo "1863"]
[BlackElo "1605"]
[PlyCount "81"]
[EventDate "2017.??.??"]

1. e4 e6 2. Nf3 d5 3. Nc3 Nf6 4. e5 Nfd7 5. d4 c5 6. Bf4 cxd4 7. Nxd4 Nc6 8.
Bb5 Qb6 9. Be3 Bc5 10. Bxc6 bxc6 11. Na4 Qa5+ 12. c3 Bxd4 13. Bxd4 c5 14. Nxc5
Nxc5 15. b4 Qc7 16. bxc5 O-O 17. O-O Ba6 18. Re1 Bc4 19. Qc2 Rab8 20. Reb1 Qa5
21. a3 Qa6 22. Rb4 Bd3 23. Qb2 Qc8 24. a4 Qc7 25. Rd1 Bg6 26. Rd2 Rfc8 27. Qb3
Rxb4 28. cxb4 Rb8 29. b5 f6 30. Qc3 Rc8 31. c6 fxe5 32. Bxe5 Qf7 33. c7 Qf5 34.
h3 Qe4 35. Bd4 Bf7 36. Bxa7 Qxa4 37. b6 Qa6 38. Rc2 Be8 39. Qc5 Bb5 40. Qd6 Re8
41. c8=Q 1-0

[Event "Championnat de la Loire 2017-2018"]
[Site "Loire"]
[Date "2017.12.23"]
[Round "3.7"]
[White "Megnot, Philippe"]
[Black "Garon, Pierre"]
[Result "0-1"]
[WhiteElo "1366"]
[BlackElo "1859"]
[PlyCount "82"]
[EventDate "2017.??.??"]

1. e4 Nf6 2. Nc3 d5 3. exd5 Nxd5 4. Nf3 Bg4 5. Be2 e6 6. Nxd5 Qxd5 7. d3 c5 8.
h3 Bh5 9. Bf4 Nc6 10. Bg3 Be7 11. O-O Bf6 12. Rb1 O-O 13. Re1 Rfd8 14. Nd2 Bxe2
15. Qxe2 Qxa2 16. Nc4 Qa4 17. Nd6 Nd4 18. Qg4 Qxc2 19. Qh5 g6 20. Qd1 Qxd1 21.
Rbxd1 b6 22. Ne4 Kg7 23. Nxf6 Kxf6 24. Be5+ Ke7 25. Bxd4 Rxd4 26. Re4 Rad8 27.
Rxd4 Rxd4 28. Kf1 c4 29. Ke2 Rxd3 30. Rxd3 cxd3+ 31. Kxd3 Kd6 32. Kc4 a6 33. f4
e5 34. g3 e4 35. Kd4 f5 36. g4 h5 37. gxf5 gxf5 38. h4 a5 39. Kc4 b5+ 40. Kd4
a4 41. Ke3 Kc5 0-1

[Event "Championnat de la Loire 2017-2018"]
[Site "Loire"]
[Date "2017.12.23"]
[Round "3.8"]
[White "Gloaguen, Loic"]
[Black "Pradel, Philippe"]
[Result "1/2-1/2"]
[WhiteElo "1370"]
[BlackElo "1662"]
[PlyCount "105"]
[EventDate "2017.??.??"]

1. Nc3 d5 2. e4 d4 3. Nce2 e5 4. Nf3 Nc6 5. Ng3 Nf6 6. Bb5 Bd6 7. O-O O-O 8. a3
Ne7 9. d3 a6 10. Bc4 b5 11. Ba2 Ng6 12. Re1 c5 13. Nf5 Be6 14. Bxe6 fxe6 15.
N5h4 Qe8 16. Nxg6 Qxg6 17. Rf1 Nd7 18. Ng5 Be7 19. Nh3 c4 20. Bd2 Nc5 21. Bb4
a5 22. Bxc5 Bxc5 23. b3 Be7 24. a4 cxd3 25. cxd3 bxa4 26. Rxa4 Bb4 27. Qb1 Rac8
28. Rc1 Rc3 29. Ra2 Rfc8 30. Rac2 h6 31. f3 Qf7 32. Nf2 Qa7 33. Nd1 Rxc2 34.
Rxc2 Rc5 35. Nb2 Rxc2 36. Qxc2 Qe7 37. Nc4 Qc7 38. Qa2 Qc5 39. Qa4 Qc8 40. Qb5
Kh7 41. Qxe5 Qc6 42. Kf1 a4 43. bxa4 Qxa4 44. g3 Qd1+ 45. Kg2 Qxd3 46. Qxe6
Qe2+ 47. Kh3 Qxf3 48. Qf5+ Qxf5+ 49. exf5 d3 50. Nb2 d2 51. Kg4 Kg8 52. Kh4 Bc3
53. Nd1 1/2-1/2

[Event "Championnat de la Loire 2017-2018"]
[Site "Loire"]
[Date "2017.12.09"]
[Round "3.9"]
[White "Brachet, Gerard"]
[Black "Boeuf, Jeremy"]
[Result "0-1"]
[WhiteElo "1310"]
[BlackElo "1619"]
[PlyCount "92"]
[EventDate "2017.??.??"]

1. Nf3 d5 2. d4 Nf6 3. Bf4 e6 4. e3 Nbd7 5. Be2 h6 6. h3 Bd6 7. Bxd6 cxd6 8. c4
dxc4 9. Bxc4 Qa5+ 10. Qd2 Qxd2+ 11. Nbxd2 Nb6 12. Bb5+ Bd7 13. Bxd7+ Kxd7 14.
Rc1 Rac8 15. O-O Na4 16. Nc4 b5 17. b3 bxc4 18. bxa4 Ne4 19. Rc2 f6 20. Nd2
Nxd2 21. Rxd2 d5 22. Rb1 Rb8 23. Rdb2 Rxb2 24. Rxb2 Kc7 25. Rb5 Rb8 26. Rc5+
Kd7 27. Kf1 a6 28. Ke1 Rc8 29. Rxc8 Kxc8 30. Kd2 Kb7 31. Kc3 Kb6 32. Kb2 Ka5
33. Ka3 e5 34. f4 exd4 35. exd4 f5 36. g4 g6 37. gxf5 gxf5 38. h4 h5 39. Kb2
Kxa4 40. Kc3 Ka3 41. Kc2 Kxa2 42. Kc3 Kb1 43. Kb4 a5+ 44. Kc3 a4 45. Kb4 a3 46.
Kxa3 c3 0-1

[Event "Championnat de la Loire 2017-2018"]
[Site "Loire"]
[Date "2017.12.23"]
[Round "3.10"]
[White "Ben Habchi, Nordine"]
[Black "Bragado, Kevin"]
[Result "1/2-1/2"]
[WhiteElo "1287"]
[BlackElo "1588"]
[PlyCount "65"]
[EventDate "2017.??.??"]

1. d3 d5 2. Nf3 c5 3. Bf4 Nc6 4. e3 Bg4 5. Nbd2 e6 6. Be2 Bd6 7. O-O Bxf4 8.
exf4 Qf6 9. Nb3 b6 10. Ne5 Bxe2 11. Qxe2 Nxe5 12. fxe5 Qh6 13. f4 Ne7 14. Rf3
g6 15. d4 c4 16. Nd2 O-O 17. Raf1 b5 18. Rh3 Qg7 19. Nf3 Rfc8 20. c3 a5 21. Ng5
h6 22. Nf3 b4 23. Rb1 bxc3 24. bxc3 Rcb8 25. Qc2 Nc6 26. a3 Rxb1+ 27. Qxb1 Rb8
28. Qc2 Qf8 29. Qa4 Rb6 30. Kf2 Qb8 31. Kg3 Ne7 32. Nh4 Rb3 33. Kf2 1/2-1/2

[Event "Championnat de la Loire 2017-2018"]
[Site "Loire"]
[Date "2017.12.23"]
[Round "3.11"]
[White "Bartomeu, Emmanuel"]
[Black "Hong, Shawn"]
[Result "1/2-1/2"]
[WhiteElo "1529"]
[BlackElo "1274"]
[PlyCount "77"]
[EventDate "2017.??.??"]

1. e4 e5 2. Nf3 Nc6 3. Bc4 Bc5 4. d3 Nf6 5. Bg5 d6 6. c3 Bg4 7. h3 Be6 8. Bxe6
fxe6 9. b4 Bb6 10. a4 a6 11. a5 Ba7 12. O-O O-O 13. Qd2 d5 14. exd5 exd5 15.
Na3 e4 16. dxe4 dxe4 17. Qxd8 Raxd8 18. Nh4 h6 19. Be3 Bxe3 20. fxe3 Rd3 21. b5
Ne5 22. bxa6 bxa6 23. Nf5 Rxc3 24. Rfc1 Rxc1+ 25. Rxc1 Nd5 26. g4 Kh7 27. Rc5
c6 28. Nc4 Nxc4 29. Rxc4 g6 30. Ng3 Rf3 31. Nxe4 Rxe3 32. Kf2 Kg7 33. h4 Ra3
34. Rc5 Nb4 35. Kg2 Ra2+ 36. Kg3 Ra3+ 37. Kg2 Ra2+ 38. Kh3 Ra3+ 39. Ng3 1/2-1/2

[Event "Championnat de la Loire 2017-2018"]
[Site "Loire"]
[Date "2017.12.19"]
[Round "3.13"]
[White "Carteron, Olivier"]
[Black "Becquey, Baptiste"]
[Result "1-0"]
[WhiteElo "1499"]
[BlackElo "1260"]
[PlyCount "91"]
[EventDate "2017.??.??"]

1. d4 d5 2. Nf3 Bf5 3. c4 c6 4. Nc3 e6 5. Qb3 Qe7 6. cxd5 exd5 7. Bg5 f6 8. Bf4
Be4 9. Nd2 Qb4 10. Qxb4 Bxb4 11. Ndxe4 dxe4 12. e3 f5 13. a3 Be7 14. f3 Nf6 15.
Be5 exf3 16. gxf3 Nbd7 17. Bg3 Rg8 18. Bd3 g6 19. a4 Nh5 20. Bf2 Bb4 21. O-O
Bxc3 22. bxc3 c5 23. Rab1 b6 24. Rfd1 f4 25. e4 g5 26. Bb5 Ke7 27. dxc5 Nxc5
28. Bxc5+ bxc5 29. Rd7+ Kf6 30. Rbd1 Ng7 31. R1d6+ Ne6 32. Rxh7 Ke5 33. Rd5+
Kf6 34. Rd6 Rh8 35. Rhd7 Rad8 36. Ra6 Rxd7 37. Bxd7 Ke7 38. Bxe6 Rh6 39. Bc4
Rxa6 40. Bxa6 Kd6 41. Kf2 Ke5 42. h3 Kf6 43. Ke2 Ke5 44. Kd3 Kd6 45. Kc4 Kc6
46. e5 1-0

[Event "Championnat de la Loire 2017-2018"]
[Site "Loire"]
[Date "2017.12.22"]
[Round "3.15"]
[White "Boeuf, Jean-Julien"]
[Black "Choquelle, Jean"]
[Result "1-0"]
[WhiteElo "1484"]
[BlackElo "1170"]
[PlyCount "41"]
[EventDate "2017.??.??"]

1. e4 e5 2. Nf3 d6 3. d4 Nf6 4. Bd3 Be7 5. dxe5 Ng4 6. exd6 Bxd6 7. Bg5 f6 8.
Bh4 h6 9. h3 Ne5 10. Nxe5 Bxe5 11. Qh5+ Ke7 12. Qxe5+ Kf7 13. Bc4+ Kf8 14. Qc5+
Ke8 15. Qh5+ Kd7 16. Qf7+ Qe7 17. Be6+ Kd6 18. Bg3+ Kc5 19. Qxe7+ Kd4 20. Bd5
Nd7 21. Qb4# 1-0

[Event "Championnat de la Loire 2017-2018"]
[Site "Loire"]
[Date "2017.12.23"]
[Round "3.16"]
[White "Samuel, Christian"]
[Black "Dos Santos, Lilian"]
[Result "1/2-1/2"]
[WhiteElo "1795"]
[BlackElo "1180"]
[PlyCount "103"]
[EventDate "2017.??.??"]

1. d4 d5 2. Nf3 Bf5 3. c4 e6 4. Nc3 Nf6 5. e3 Nc6 6. Qb3 Nb4 7. Ne5 Bc2 8. Qa3
Nd3+ 9. Bxd3 Bxa3 10. Bxc2 Bb4 11. O-O Bxc3 12. bxc3 O-O 13. Rb1 Rb8 14. Rb4
dxc4 15. e4 b5 16. Nc6 Qd7 17. Nxb8 Rxb8 18. a4 a5 19. Rxb5 Rxb5 20. axb5 Qxb5
21. Ba3 g6 22. Rb1 Qc6 23. Rb8+ Ne8 24. d5 exd5 25. exd5 Qd7 26. h3 Kg7 27. Ra8
Nd6 28. Rxa5 Qe7 29. Kf1 Qe5 30. Bb4 Ne4 31. Bxe4 Qxe4 32. f3 Qd3+ 33. Kf2 Qd2+
34. Kg1 Qe1+ 35. Kh2 h5 36. Rc5 Qe2 37. Ba5 Qe5+ 38. Kh1 Qe1+ 39. Kh2 h4 40.
Bxc7 Qxc3 41. d6 Qd4 42. d7 Qxd7 43. Rxc4 g5 44. Be5+ Kg6 45. Rd4 Qe7 46. Bb8
Qb7 47. Be5 Kf5 48. f4 f6 49. Bd6 Qb2 50. fxg5 Kxg5 51. Rg4+ Kh5 52. Bf4
1/2-1/2

[Event "Championnat de la Loire 2017-2018"]
[Site "Loire"]
[Date "2017.12.09"]
[Round "3.17"]
[White "Piper, Stephane"]
[Black "Fournier, Gerald"]
[Result "1-0"]
[WhiteElo "1512"]
[BlackElo "1470"]
[PlyCount "103"]
[EventDate "2017.??.??"]

1. c4 b6 2. Nc3 e6 3. d4 Bb7 4. e4 Bb4 5. Bd3 c5 6. a3 Bxc3+ 7. bxc3 cxd4 8.
cxd4 Ne7 9. Nf3 O-O 10. O-O Ng6 11. Bd2 d5 12. cxd5 exd5 13. e5 Ba6 14. Bxa6
Nxa6 15. Qa4 Nc7 16. Bb4 Re8 17. Rac1 Ne6 18. Rc6 Ne7 19. Bxe7 Rxe7 20. Rfc1
Rc7 21. Rxc7 Nxc7 22. Rc6 Qd7 23. Qc2 Ne6 24. Qc3 h6 25. Rd6 Rc8 26. Rxd7 Rxc3
27. Kf1 Nf4 28. Ne1 Rc1 29. g3 Nd3 30. Ke2 Nxe1 31. Kd2 Rb1 32. Rxd5 Nf3+ 33.
Ke3 Rb3+ 34. Kf4 Rxa3 35. Rd8+ Kh7 36. d5 Nxh2 37. d6 g5+ 38. Ke4 Ra1 39. Kf5
Nf3 40. Kf6 Rd1 41. Rf8 Nxe5 42. Kxe5 Kg7 43. Rd8 Re1+ 44. Kd5 Re2 45. d7 Kf6
46. Re8 Rd2+ 47. Kc6 Re2 48. Kb7 Rd2 49. d8=Q+ Rxd8 50. Rxd8 Kf5 51. Rd4 Ke5
52. Ra4 1-0

[Event "Championnat de la Loire 2017-2018"]
[Site "Loire"]
[Date "2017.12.09"]
[Round "3.18"]
[White "Libiszewski, Christian"]
[Black "Martin, Julien"]
[Result "1-0"]
[WhiteElo "1328"]
[BlackElo "1545"]
[PlyCount "83"]
[EventDate "2017.??.??"]

1. e4 e5 2. Nf3 d6 3. d4 exd4 4. Nxd4 Nf6 5. Nc3 Be7 6. Bd3 Bd7 7. O-O Nc6 8.
Nxc6 Bxc6 9. Re1 O-O 10. Bf4 a6 11. a4 Nd7 12. b4 Ne5 13. Bf1 Bf6 14. Ra3 Ng6
15. Bg3 Re8 16. Bc4 Bxc3 17. Rxc3 Bxe4 18. Rce3 Bc6 19. Bd5 Rxe3 20. Rxe3 Bxa4
21. Qf3 Be8 22. Bxb7 Rb8 23. c3 Qd7 24. Bd5 a5 25. Qe4 axb4 26. cxb4 Qa4 27. f3
Kf8 28. Be1 Kg8 29. Bb3 Qa7 30. Bf2 Qa1+ 31. Re1 Qe5 32. Qc4 Qf5 33. Qxc7 Qc8
34. Qxc8 Rxc8 35. h3 Ne5 36. Bg3 Nd3 37. Rd1 Nxb4 38. Rxd6 Nc6 39. Kf2 Ne7 40.
Rd2 $11 Nf5 41. Bf4 Bb5 42. Rd5 1-0